Gjeohistoria e vendbanimeve të Moravës së Binçës dhe Karadakut të Vitisë /

Saved in:
நூற்பட்டியல் விவரங்கள்
தலைமை எழுத்தாளர்: Arifi, Feri, 1959- (Author)
வடிவம்: புத்தகம்
மொழி:Albanian
வெளியீடப்பட்டது: Prishtinë : Atunis, 2017.
பகுதிகள்:
Ort
குறியீடுகள்: குறிச்சொல் இணை
குறியீடுகள் இல்லை, இந்த குறிச்சொல்லை முதலில் பதிவு செய்யுங்கள்!
LEADER 01349cam a2200373Ki 4500
001 13016502
005 20180219161724.0
008 170613s2017 kv a b 000 0 alb d
020 |a 9789951741132 
020 |a 9951741134 
035 |a (OCoLC)on1000433331 
035 |a (OCoLC)1000433331 
035 |a (NNC)13016502 
040 |a HLS  |b eng  |e rda  |c HLS  |d OCLCO  |d OCLCA  |d ZCU 
043 |a e-xn---  |a e-kv--- 
050 4 |a DR2275.S58  |b A85 2017 
082 0 4 |a 307.09  |2 22/ger 
082 0 4 |a 910  |2 22/ger 
084 |a OST  |q DE-12  |2 fid 
100 1 |a Arifi, Feri,  |d 1959-  |e author. 
245 1 0 |a Gjeohistoria e vendbanimeve të Moravës së Binçës dhe Karadakut të Vitisë /  |c Feri Arifi. 
264 1 |a Prishtinë :  |b Atunis,  |c 2017. 
300 |a 617 pages :  |b illustrations,  |c 25 cm 
336 |a text  |2 rdacontent 
337 |a unmediated  |2 rdamedia 
338 |a volume  |2 rdacarrier 
504 |a Includes bibliographical references (pages 601-609). 
651 0 |a Skopska Crna Gora (Macedonia)  |x Historical geography. 
651 0 |a Binačka Morava River Region (Kosovo and Macedonia)  |x Historical geography. 
650 7 |a Ort  |2 gnd  |0 (DE-588)4172855-5 
650 7 |a Albaner  |2 gnd  |0 (DE-588)4068517-2 
650 7 |a Heimatkunde  |2 gnd  |0 (DE-588)4127794-6 
651 7 |a Grossgemeinde Vitina  |2 gnd  |0 (DE-588)1031972145 
852 0 0 |b glx4off  |h DR2275.S58  |i A85 2017g